000 nam a22 7a 4500
999 _c10303
_d10303
008 180213b ||||| |||| 00| 0 eng d
100 _aVidhyarthi, A
_96267
245 _aGo grammer class -VII
260 _aNew Delhi
_bR, K publication
_c2013